000 00199nam a22000977a 4500
003 SGT
245 _aTHE AMERICAN JOURNAL OF PUBLIC HEALTH
260 _bAPHA AMERICA
300 _a522
942 _2ddc
_cBV
999 _c18913
_d18913